Desempeño de tuberías plásticas de pared estructurada en condiciones reales de instalación

Furkejuvvon:
Bibliográfalaš dieđut
Váldodahkki: Monge Conejo, Cesar
Materiálatiipa: Girji
Almmustuhtton: [San José, Costa Rica] 2002
Fáttát:
Fáddágilkorat: Lasit fáddágilkoriid
Eai fáddágilkorat, Lasit vuosttaš fáddágilkora!

MARC

LEADER 00000nam a2200000Ia 4500
003 008966
005 20221231144153.0
008 140114s2002 cr a m 000 ||s d
040 |c cru CEDI 
090 |a TFG 4528 
100 |a Monge Conejo, Cesar  |9 7316 
245 |a Desempeño de tuberías plásticas de pared estructurada en condiciones reales de instalación 
260 |c 2002  |a  [San José, Costa Rica] 
300 |a 146 hojas ; ilustraciones a color  
500 |a Informe de Trabajo de Graduación (licenciatura en ingeniería civil)--Universidad de Costa Rica. Facultad de Ingeniería. Escuela de Ingeniería Civil 
650 |x TUBERIAS DE PLASTICO  |9 7317 
942 |c TFG 
999 |c 17913  |d 17913